Debiuty na Eurowizji - Statystyki

Ogólne statystyki
  • Ten quiz został rozwiązany 23 razy
  • Średni wynik to 13 z 26
Statystyki odpowiedzi
Rok Debiutu # Państwo % Poprawnych
1956 7 Niemcy | Szwajcaria | Włochy | Luksemburg | Holandia | Francja | Belgia
100%
1994 7 Węgry | Polska | Estonia | Litwa | Rosja | Rumunia | Słowacja
82%
1957 3 Dania | Austria | Wielka Brytania
76%
2015 1 Australia
71%
2007 4 Serbia | Czechy | Czarnogóra | Gruzja
65%
2008 2 Azerbejdżan | San Marino
53%
1993 3 Bośnia i Hercegowina | Chorwacja | Słowenia
53%
1961 3 Hiszpania | Finlandia | Jugosławia
53%
1965 1 Irlandia
53%
1986 1 Islandia
53%
1964 1 Portugalia
53%
1958 1 Szwecja
53%
2004 4 Albania | Andora | Białoruś | Serbia i Czarnogóra
47%
2006 1 Armenia
47%
2000 1 Łotwa
47%
1960 1 Norwegia
47%
2003 1 Ukraina
47%
2005 2 Bułgaria | Mołdawia
41%
1974 1 Grecja
41%
1973 1 Izrael
41%
1971 1 Malta
41%
1959 1 Monako
41%
1981 1 Cypr
35%
1980 1 Maroko
35%
1975 1 Turcja
35%
1998 1 Macedonia Północna
24%
Nie znaleziono quizów pasujących do podanych kryteriów
Rozkład punktacji
Procent ludzi z każdym wynikiem
Percentyl według liczby udzielonych odpowiedzi
Twoja historia wyników
Nie rozwiązałeś tego quizu